Der Mensch (Record no. 114629)

MARC details
000 -LEADER
campo de control de longitud fija 00816nam a2200229 i 4500
001 - NÚMERO DE CONTROL
campo de control 114629
003 - IDENTIFICADOR DE NÚMERO DE CONTROL
campo de control ES-MaACL
005 - FECHA Y HORA DE LA ÚLTIMA TRANSACCIÓN
campo de control 20250127063056.0
007 - CAMPO FIJO DE DESCRIPCIÓN FÍSICA--INFORMACIÓN GENERAL
campo de control de longitud fija t|
008 - DATOS DE LONGITUD FIJA--INFORMACIÓN GENERAL
campo de control de longitud fija 070315s1912 gw ||||1| ger d
100 1# - ENTRADA PRINCIPAL--NOMBRE DE PERSONA
Nombre de persona Rawitz, Bernhard.
9 (RLIN) 95606
245 14 - MENCIÓN DEL TÍTULO
Título Der Mensch
Resto del título : eine fundamental-philosophische Untersuchung /
Mención de responsabilidad, etc. von Prof. Dr. med. Bernhard Rawitz.
260 ## - PUBLICACIÓN, DISTRIBUCIÓN, ETC.
Lugar de publicación, distribución, etc. Berlin :
Nombre del editor, distribuidor, etc. Leonard Simion Nf.,
Fecha de publicación, distribución, etc. 1912.
300 ## - DESCRIPCIÓN FÍSICA
Extensión 98 p. ;
Dimensiones 23 cm.
490 1# - MENCIÓN DE SERIE
Mención de serie Bibliothek für philosophie, hrsg. von L. Stein. ;
Designación de volumen o secuencia 3
500 ## - NOTA GENERAL
Nota general "Beilage zu heft 3 des Archivs fu¨r systematische philosophie, band XVII."
650 04 - PUNTO DE ACCESO ADICIONAL DE MATERIA--TÉRMINO DE MATERIA
Término de materia o nombre geográfico como elemento de entrada Mente y cuerpo.
9 (RLIN) 14993
830 0# - PUNTO DE ACCESO ADICIONAL DE SERIE-TÍTULO UNIFORME
Título uniforme Bibliothek für philosophie, hrsg. von L. Stein. ;
Designación de volumen o secuencia 3
9 (RLIN) 233255
852 ## - LOCALIZACIÓN
Ubicación ES-MaACL
Número de control de estantería T-1351-F-9
942 ## - ELEMENTOS DE ENTRADA SECUNDARIOS (KOHA)
Fuente del sistema de clasificación o colocación Clasificación decimal universal
Holdings
Estatus retirado Estado de pérdida Estado de daño No para préstamo Colección Biblioteca de origen Biblioteca actual Ubicación en estantería Fecha de adquisición Fuente de adquisición Total de préstamos Signatura topográfica completa Código de barras Visto por última vez Precio de reemplazo Tipo de ítem Koha
        Colección de folletos Biblioteca del Ateneo de Madrid Biblioteca del Ateneo de Madrid Depósito folletos 17/01/2008     T-1351-F-9 1119540 23/02/2023 23/02/2023 Folleto